000 00644nam a22001817a 4500
008 170125b xxu||||| |||| 00| 0 eng d
020 _a9715502415
082 _21990
_aDFil 302.14
_bOr8
100 _918573
_aOrtigas, Carmela D.
245 _aGroup process and the inductive method:
_btheory and practice in the Philippines/
_cCarmela D. Ortigas
250 _aThird edition
260 _aQuezon City:
_bADMU Press,
_cc1990.
300 _axiii, 186 pages:
_billustrations;
_c26 cm.
500 _aIncludes bibliographical references.
650 0 _918574
_aGroup relations training.
650 0 _918575
_aCooperative learning.
942 _2ddc
_cDFIL
999 _c6150
_d6150